Special edition using Crystal Reports 10 / (Record no. 133679)

MARC details
000 -LEADER
fixed length control field 00734nam a22002177a 4500
005 - DATE AND TIME OF LATEST TRANSACTION
control field 20170124110213.0
010 ## - LIBRARY OF CONGRESS CONTROL NUMBER
LC control number B-164190
020 ## - INTERNATIONAL STANDARD BOOK NUMBER
Terms of availability 498.00
International Standard Book Number 9788176357364
035 ## - SYSTEM CONTROL NUMBER
System control number B-164190
037 ## - SOURCE OF ACQUISITION
Source of stock number/acquisition Cen Lib/Ret
040 ## - CATALOGING SOURCE
Original cataloging agency DPL
Language of cataloging EN
082 ## - DEWEY DECIMAL CLASSIFICATION NUMBER
Classification number 005.754
Item number USI
245 ## - TITLE STATEMENT
Title Special edition using Crystal Reports 10 /
Statement of responsibility, etc by Neil Fitzgerald...[et al.]
260 ## - PUBLICATION, DISTRIBUTION, ETC. (IMPRINT)
Place of publication, distribution, etc New Delhi
Name of publisher, distributor, etc Techmedia
Date of publication, distribution, etc 2005
270 ## - ADDRESS
Address Munish Plaza20, Ansari Road Darya Ganj
City New Delhi
Postal code 110002
300 ## - PHYSICAL DESCRIPTION
Extent xxvi,860p. :
Dimensions 23cm(pbk)
Other physical details ill.
650 ## - SUBJECT ADDED ENTRY--TOPICAL TERM
Topical term or geographic name as entry element Business report writing--Computer programs
9 (RLIN) 38610
650 ## - SUBJECT ADDED ENTRY--TOPICAL TERM
Topical term or geographic name as entry element Crystal reports (Electronic resource)
9 (RLIN) 38611
700 ## - ADDED ENTRY--PERSONAL NAME
9 (RLIN) 474
Personal name Fitzgerald, Neil
942 ## - ADDED ENTRY ELEMENTS (KOHA)
Source of classification or shelving scheme Dewey Decimal Classification
Koha item type English Books
Classification part 005.754
Call number suffix USI
Holdings
Withdrawn status Lost status Damaged status Not for loan Home library Current library Date acquired Source of acquisition Cost, normal purchase price Total Checkouts Full call number Barcode Date last seen Copy number Cost, replacement price Price effective from Koha item type
        Central Library Central Library 27/07/2015 Cen Lib/Ret 498.00   005.754 USI B-164190 27/07/2015 1 498.00 27/07/2015 English Books

© Delhi Public Library
Hit Counter
free hit counter